000 00454nam a2200193Ia 4500
008 151121s9999||||xx |||||||||||||| ||und||
082 _a301।153 /MAS
082 _bHNW-60458
100 _aMasani R। P।
245 4 _aThe Five Gifts
260 _bCollins Books।
260 _c--
300 _a192
600 _aMasani R। P।
630 _aThe Five Gifts
700 _aMasani R। P।
730 _aThe Five Gifts
942 _cBOOK
999 _c1242007
_d1242004